Statistics for 现代城市——先秦诸侯国

Click here to take the quiz!

General Stats

  • This quiz has been taken 53 times
  • The average score is 19 of 44

Answer Stats

现代城市先秦诸侯% Correct
北京市区蓟/燕(郾)
100%
四川成都
86%
重庆市区
82%
河北邯郸
74%
山东临淄齐/田齐
70%
陕西*咸阳
70%
河南新郑郑/韩
68%
山东曲阜奄/鲁
66%
江苏苏州吴/越
66%
浙江绍兴
64%
山东莒县莒/田齐
62%
湖北*荆州
60%
河南洛阳西周(公国)
58%
河南上蔡
58%
河南商丘
56%
山西*侯马
56%
陕西*凤翔
56%
山西曲沃
56%
湖北随州随(曾)
54%
河南杞县
54%
河南新蔡
50%
山东*滕州
48%
山东郯城
48%
河南开封
44%
安徽寿县州来/蔡/楚
42%
河北定州中山
40%
辽宁辽阳燕(郾)
38%
河南淮阳陈/楚
34%
河北*易县燕(郾)
32%
湖北鄂州鄂(噩)
28%
河南*息县
28%
河南濮阳卫(康)
26%
河南淇县卫(康)
26%
陕西陈仓西虢
26%
陕西泾阳
26%
河北邢台邢(井)
24%
河南禹州
14%
江苏扬州邗(干)
12%
天津蓟州无终
10%
河南*潢川
10%
河南郑州
8%
河南平舆
4%
河南辉县
4%
山东东平须句
4%

Score Distribution

Percentile by Number Answered

Percent of People with Each Score

Your Score History

You have not taken this quiz